|
|
|
|
| LEADER |
02694nam a2200697 i 4500 |
| 001 |
nkc20233522157 |
| 003 |
CZ PrNK |
| 005 |
20240301093425.0 |
| 007 |
ta |
| 008 |
230525s2023 xr a e 000 0 cze |
| 015 |
|
|
|a cnb003522157
|
| 020 |
|
|
|a 978-80-908931-0-8
|q (brožováno)
|
| 035 |
|
|
|a (OCoLC)1389729736
|
| 040 |
|
|
|a BOA001
|b cze
|e rda
|
| 043 |
|
|
|a e-xr---
|
| 072 |
|
7 |
|a 347.9
|x Občanské soudní řízení. Soudnictví
|2 Konspekt
|9 16
|
| 080 |
|
|
|a 343.13
|2 MRF
|
| 080 |
|
|
|a 347.951
|2 MRF
|
| 080 |
|
|
|a 343.24/.29
|2 MRF
|
| 080 |
|
|
|a 343.541
|2 MRF
|
| 080 |
|
|
|a 364.63-027.553
|2 MRF
|
| 080 |
|
|
|a 342.722
|2 MRF
|
| 080 |
|
|
|a 343.222
|2 MRF
|
| 080 |
|
|
|a 347.9.033
|2 MRF
|
| 080 |
|
|
|a (437.3)
|2 MRF
|
| 080 |
|
|
|a (048.8)
|2 MRF
|
| 100 |
1 |
|
|a Havlíková, Petra
|7 xx0209800
|4 aut
|
| 245 |
1 |
0 |
|a Bagatelizace a nerovnosti :
|b analýza rozsudků sexuálního a domácího násilí /
|c autorky: Petra Havlíková a Iva Šmídová
|
| 246 |
3 |
0 |
|a Analýza rozsudků sexuálního a domácího násilí
|
| 250 |
|
|
|a 1. vydání
|
| 264 |
|
1 |
|a Praha :
|b ProFem - centrum pro oběti domácího a sexuálního násilí, o.p.s.,
|c 2023
|
| 300 |
|
|
|a 76 stran :
|b barevné ilustrace ;
|c 21 cm
|
| 336 |
|
|
|a text
|b txt
|2 rdacontent
|
| 337 |
|
|
|a bez média
|b n
|2 rdamedia
|
| 338 |
|
|
|a svazek
|b nc
|2 rdacarrier
|
| 504 |
|
|
|a Obsahuje bibliografie a bibliografické odkazy
|
| 650 |
0 |
7 |
|a trestní řízení
|7 ph116482
|z Česko
|2 czenas
|
| 650 |
0 |
7 |
|a soudní rozhodnutí a stanoviska
|7 ph125859
|z Česko
|2 czenas
|
| 650 |
0 |
7 |
|a trestání
|7 ph126735
|z Česko
|2 czenas
|
| 650 |
0 |
7 |
|a sexuální násilí
|7 ph125510
|2 czenas
|
| 650 |
0 |
7 |
|a domácí násilí
|7 ph137285
|2 czenas
|
| 650 |
0 |
7 |
|a rovné postavení mužů a žen
|7 ph125244
|z Česko
|2 czenas
|
| 650 |
0 |
7 |
|a trestní odpovědnost
|7 ph119629
|z Česko
|2 czenas
|
| 650 |
0 |
7 |
|a nestrannost soudců
|7 ph1128023
|z Česko
|2 czenas
|
| 650 |
0 |
9 |
|a criminal procedure
|z Czechia
|2 eczenas
|
| 650 |
0 |
9 |
|a judgments
|z Czechia
|2 eczenas
|
| 650 |
0 |
9 |
|a punishment
|z Czechia
|2 eczenas
|
| 650 |
0 |
9 |
|a sexual violence
|2 eczenas
|
| 650 |
0 |
9 |
|a family violence
|2 eczenas
|
| 650 |
0 |
9 |
|a gender equality
|z Czechia
|2 eczenas
|
| 650 |
0 |
9 |
|a criminal liability
|z Czechia
|2 eczenas
|
| 650 |
0 |
9 |
|a judicial impartiality
|z Czechia
|2 eczenas
|
| 655 |
|
7 |
|a studie
|7 fd133597
|2 czenas
|
| 655 |
|
9 |
|a studies
|2 eczenas
|
| 700 |
1 |
|
|a Šmídová, Iva,
|d 1973-
|7 mzk2009544670
|4 aut
|
| 910 |
2 |
|
|a BOA001
|b 2-1508.913
|
| 990 |
|
|
|a BK
|
| 995 |
|
|
|a 01
|
| 991 |
|
|
|b 202306
|c NOV
|
| 996 |
6 |
|
|b 2610941373
|c 2-1508.913
|l MZK
|r Sklad / do 1 hodiny
|n 7
|p p.v.
|w 001928581
|u 000010
|a 1
|e BOA001
|j MZK50
|s P
|
| 996 |
7 |
|
|b 2610962622
|c 2-1508.913
|l MZK
|r Sklad / do 1 hodiny
|n 3
|p kup
|w 001928581
|u 000020
|a 1
|e BOA001
|j MZK50
|s A
|